Biggest City in each Canadian Province - Statistics

General Stats
  • This quiz has been taken 45 times
  • The average score is 10 of 13
Answer Stats
Provinces Answers % Correct
Ontario Toronto
97%
British Columbia Vancouver
97%
Alberta Calgary
95%
Nova Scotia Halifax
92%
Quebec Montreal
90%
Manitoba Winnipeg
82%
Newfoundland and Labrador St-John
79%
Yukon Whitehorse
77%
Northwest Territories Yellowknife
77%
Saskatchewan Saskatoon
72%
Prince Edward Island Charlottetown
62%
New Brunswick Moncton
38%
Nunavut Iqualuit
10%
No matching quizzes found
Score Distribution
Percent of People with Each Score
Percentile by Number Answered
Your Score History
You have not taken this quiz